000 00515nam a2200169 i 4500
001 35385
003 ES-MaACL
007 t|
008 030212s1967 sp ||||1| spa d
100 1 _aBorwicz, Michel.
_930625
245 1 3 _aLa insurrección del ghetto de Varsovia /
_cMichel Borwicz ; [traducción, C. Aguirre Ferrer].
250 _a1ª ed.
260 _aBarcelona :
_bOikos-Tau,
_c[1967]
300 _a206 p., 8 lám. ;
_c21 cm.
700 1 _aAguirre Ferrer, C.
_918874
852 _aES-MaACL
_jG-4139
_bR.65349
999 _c35385
_d35385